IPL Top Batsmen and Bowlers by Season - Statistics

General Stats
  • This quiz has been taken 487 times
  • The average score is 74 of 159
Answer Stats
Answer % Correct
Virat Kohli
100%
Rohit Sharma
94%
MS Dhoni
89%
Chris Gayle
85%
Shubman Gill
84%
Abhishek Sharma
83%
David Warner
83%
Mohit Sharma
83%
Shane Warne
83%
Jasprit Bumrah
82%
Harshal Patel
77%
Sandeep Sharma
77%
Yuzvendra Chahal
77%
Bhuvneshwar Kumar
75%
Hardik Pandya
75%
KL Rahul
75%
Rahul Sharma
75%
Suryakumar Yadav
75%
AB de Villiers
74%
Dwayne Bravo
74%
Mitchell Starc
74%
Suresh Raina
74%
Arshdeep Singh
73%
Harbhajan Singh
73%
Jos Buttler
73%
Kuldeep Yadav
73%
Yuvraj Singh
73%
Axar Patel
72%
Rashid Khan
72%
Ravindra Jadeja
72%
Ruturaj Gaikwad
71%
Sachin Tendulkar
71%
Rinku Singh
70%
RP Singh
70%
Travis Head
70%
Faf du Plessis
69%
Steve Smith
68%
Sunil Narine
68%
Umesh Yadav
68%
Lasith Malinga
67%
Zaheer Khan
67%
Dwayne Smith
66%
Mandeep Singh
66%
Munaf Patel
66%
Parthiv Patel
66%
Pat Cummins
66%
Shikhar Dhawan
66%
Kieron Pollard
65%
Vinay Kumar
65%
Avesh Khan
64%
Graeme Smith
64%
Kane Williamson
64%
Ravichandran Ashwin
64%
Shane Watson
63%
Mohammad Shami
62%
Sanju Samson
62%
Shreyas Iyer
62%
Gautam Gambhir
61%
Rishabh Pant
60%
Trent Boult
60%
Glenn Maxwell
59%
Yashasvi Jaiswal
59%
Kagiso Rabada
55%
Andre Russell
53%
Brendon McCullum
52%
Ishan Kishan
52%
Rahul Dravid
52%
Shaun Marsh
52%
Quinton de Kock
51%
Robin Uthappa
50%
Virender Sehwag
49%
Ajinkya Rahane
48%
Michael Hussey
48%
Mohammed Siraj
48%
Nicholas Pooran
45%
Piyush Chawla
44%
Deepak Chahar
42%
Jofra Archer
42%
Riyan Parag
42%
Adam Gilchrist
41%
Ambati Rayudu
41%
Josh Hazlewood
41%
Matthew Hayden
41%
Dale Steyn
40%
David Miller
40%
Yusuf Pathan
40%
Dinesh Karthik
39%
Irfan Pathan
39%
Manish Pandey
39%
Jonny Bairstow
38%
Devon Conway
37%
Harshit Rana
37%
Murali Vijay
37%
Sourav Ganguly
37%
Mayank Agarwal
35%
Morne Morkel
35%
Albie Morkel
34%
Matheesha Pathirana
34%
Mitchell Johnson
34%
Amit Mishra
33%
Imran Tahir
33%
Muttiah Muralitharan
33%
Sohail Tanvir
32%
Pragyan Ojha
30%
Prithvi Shaw
30%
Shardul Thakur
30%
Anil Kumble
28%
Khaleel Ahmed
28%
Naman Ojha
28%
Prasidh Krishna
28%
Sai Sudharsan
28%
Andrew Tye
26%
Jacques Kallis
26%
Lendl Simmons
26%
Mustafizur Rahman
25%
Thangarasu Natarajan
25%
Anrich Nortje
24%
Ashish Nehra
24%
Devdutt Padikkal
24%
Hashim Amla
24%
Rahul Tripathi
24%
Tushar Deshpande
24%
Andrew Symonds
22%
Doug Bollinger
19%
Sanath Jayasuriya
19%
Wanindu Hasaranga
19%
Herschelle Gibbs
18%
Jaydev Unadkat
18%
Jason Holder
17%
Shanthakumaran Sreesanth
17%
Deepak Hooda
16%
JP Duminy
16%
Umran Malik
16%
Varun Chakaravarthy
16%
James Faulkner
15%
Paul Valthaty
15%
Saurabh Tiwary
14%
Mitchell McClenaghan
13%
Dhawal Kulkarni
11%
Siddarth Kaul
11%
Varun Aaron
11%
Brad Hodge
10%
Cameron White
10%
Shreyas Gopal
10%
Mahela Jayawardena
8%
Sreenath Aravind
8%
Chris Woakes
7%
Iqbal Abdulla
6%
Manpreet Gony
6%
Ryan Harris
6%
Parvinder Awana
4%
Yo Mahesh
4%
David Wiese
2%
No matching quizzes found
Score Distribution
Percent of People with Each Score
Percentile by Number Answered
Your Score History
You have not taken this quiz